[Event "Bansko Grand Chess Open"]
[Site "Bansko BUL"]
[Date "2010.12.17"]
[Round "7.17"]
[White "Perunovic, Miodrag"]
[Black "Gochev, Mladen"]
[Result "1-0"]
[WhiteTitle "IM"]
[WhiteElo "2465"]
[BlackElo "2261"]
[WhiteFideId "919993"]
[BlackFideId "2900718"]
[EventDate "2010.12.13"]
[EventType "swiss"]

1. d4 Nf6 2. c4 c5 3. d5 g6 4. Nc3 Bg7 5. e4 d6 6. h3 O-O 7. Nf3 e6 8. Bd3 Na6
9. O-O Nc7 10. Re1 e5 11. Bg5 Qe8 12. Qd2 Bd7 13. a3 a5 14. a4 Na6 15. Ra3 Nb4
16. Bb1 Kh8 17. Nb5 Bxb5 18. cxb5 Nd7 19. g4 f6 20. Be3 Nb6 21. Qc1 Rf7 22. Nd2
Qf8 23. Nf1 Nc8 24. Bd2 Ne7 25. Ng3 Ng8 26. h4 Rc8 27. Rc3 Bh6 28. g5 Bg7 29.
Rf3 fxg5 30. Rxf7 Qxf7 31. hxg5 Rf8 32. Rf1 Qf3 33. Qc3 h5 34. Qxf3 Rxf3 35. Kg2
Rf7 36. Rc1 b6 37. Nf1 Ne7 38. Ne3 Nc8 39. Nc4 Kg8 40. b3 Bf8 41. Kg3 h4+ 42.
Kg2 Be7 43. Rh1 Rh7 44. Kh3 Rh5 45. Kg4 Bd8 46. f4 exf4 47. Bxf4 Bc7 48. Rxh4
Rxh4+ 49. Kxh4 Kf7 50. Kg4 Bd8 51. Kf3 Bc7 52. Ke2 Bb8 53. Kd2 Bc7 54. Kc3 Bb8
55. Nd2 Ne7 56. Kc4 Kg7 57. Nf3 Kf7 58. Bh2 Bc7 59. Kc3 Ke8 60. Nd2 Kf7 61. Nc4
Nc8 62. Kd2 Kg7 63. Ke2 Kf7 64. Kf3 Kg7 65. e5 Nxd5 66. exd6 Bd8 67. Be5+ Kf7
68. Be4 Ke6 69. Bxg6 Bxg5 70. Ke4 Ne3 71. Nxe3 Nxd6+ 72. Bxd6 Kxd6 73. Nc4+ Kc7
74. Kd5 Bf4 75. Ke6 1-0

[Event "Bansko Grand Chess Open"]
[Site "Bansko BUL"]
[Date "2010.12.17"]
[Round "7.18"]
[White "Collas, Didier"]
[Black "Pavlidou, Ekaterini"]
[Result "1/2-1/2"]
[WhiteTitle "IM"]
[BlackTitle "WIM"]
[WhiteElo "2420"]
[BlackElo "2188"]
[WhiteFideId "602680"]
[BlackFideId "4213262"]
[EventDate "2010.12.13"]
[EventType "swiss"]

1. Nf3 Nf6 2. c4 e6 3. Nc3 d5 4. d4 c6 5. Bg5 h6 6. Bh4 dxc4 7. e4 g5 8. Bg3 b5
9. Be2 Bb7 10. h4 g4 11. Ne5 h5 12. f3 gxf3 13. gxf3 a6 14. a4 Nbd7 15. Qc2 Rg8
16. Bf4 Nxe5 17. Bxe5 1/2-1/2

[Event "Bansko Grand Chess Open"]
[Site "Bansko BUL"]
[Date "2010.12.17"]
[Round "7.19"]
[White "Aggelis, Nikolaos"]
[Black "Dichev, Nedelcho"]
[Result "1-0"]
[WhiteTitle "FM"]
[WhiteElo "2337"]
[BlackElo "2142"]
[WhiteFideId "4213220"]
[BlackFideId "2901749"]
[EventDate "2010.12.13"]
[EventType "swiss"]

1. d4 Nf6 2. Nf3 c5 3. g3 b6 4. Bg2 Bb7 5. O-O e6 6. c4 cxd4 7. Qxd4 Nc6 8. Qf4
Qb8 9. Qxb8+ Rxb8 10. Nc3 d6 11. Rd1 Na5 12. b3 Ne4 13. Bb2 Nxc3 14. Bxc3 Nc6
15. Rd2 f6 16. Rad1 Be7 17. Bb2 a5 18. Ba3 Rd8 19. Nd4 Nxd4 20. Bxb7 e5 21. e3
Ne6 22. Bxd6 Bxd6 23. Rxd6 Rxd6 24. Rxd6 Ke7 25. Rd2 Rb8 26. Bc6 Rd8 27. Rxd8
Kxd8 28. Kf1 Nc5 29. Ke2 Kc7 30. Bd5 e4 31. f4 exf3+ 32. Bxf3 Kd6 33. Kd2 Ke5
34. Kc3 f5 35. a3 g5 36. b4 axb4+ 37. Kxb4 Ne4 38. a4 Nd2 39. Bg2 Kd6 40. Kb5 g4
41. c5+ bxc5 42. a5 c4 43. Kb4 Nf3 44. Kxc4 Ne5+ 45. Kd4 1-0

[Event "Bansko Grand Chess Open"]
[Site "Bansko BUL"]
[Date "2010.12.17"]
[Round "7.20"]
[White "Nikolova, Adriana"]
[Black "Ivanov, Bogidar"]
[Result "1/2-1/2"]
[WhiteTitle "WIM"]
[WhiteElo "2328"]
[BlackElo "2179"]
[WhiteFideId "2908689"]
[BlackFideId "2907305"]
[EventDate "2010.12.13"]
[EventType "swiss"]

1. e4 c5 2. Nf3 Nc6 3. d4 cxd4 4. Nxd4 Nf6 5. Nc3 e5 6. Ndb5 d6 7. Bg5 a6 8. Na3
b5 9. Bxf6 gxf6 10. Nd5 Bg7 11. Bd3 Ne7 12. Nxe7 Qxe7 13. c3 f5 14. O-O O-O 15.
Nc2 fxe4 16. Bxe4 Rb8 17. Nb4 Qc7 18. f4 f5 19. Bd5+ Kh8 20. Rf3 a5 21. Nc2 Bh6
22. fxe5 dxe5 23. Rh3 Rb6 24. b3 f4 25. Rh5 Qxc3 26. Be4 Qc5+ 27. Kh1 Rg8 28. h3
Rd6 29. Qe1 Rg5 30. Qh4 Rxh5 31. Qxh5 Kg7 32. Rd1 Be6 33. Kh2 b4 34. Ne1 Rd4 35.
Nd3 Qd6 36. Re1 Bf7 37. Qxe5+ Qxe5 38. Nxe5 Rd2 39. Nxf7 Kxf7 40. Rc1 Bf8 41.
Rc2 Rxc2 42. Bxc2 1/2-1/2

[Event "Bansko Grand Chess Open"]
[Site "Bansko BUL"]
[Date "2010.12.17"]
[Round "7.21"]
[White "Velchev, Hristo"]
[Black "Angelov, Zvetomir"]
[Result "1-0"]
[WhiteTitle "FM"]
[WhiteElo "2322"]
[BlackElo "2126"]
[WhiteFideId "2906481"]
[BlackFideId "2905353"]
[EventDate "2010.12.13"]
[EventType "swiss"]

1. e4 e5 2. Nf3 Nf6 3. Nxe5 d6 4. Nf3 Nxe4 5. d4 d5 6. Bd3 Nc6 7. O-O Be7 8. Re1
Bf5 9. Nbd2 Nd6 10. Nf1 O-O 11. Bf4 Ne4 12. Ne3 Bg6 13. c3 Nf6 14. Nf5 Re8 15.
Ne5 Bf8 16. Bg5 Qc8 17. Nh6+ gxh6 18. Bxf6 Re6 19. Bh4 Bg7 20. f4 Bxd3 21. Qxd3
f6 22. Nxc6 bxc6 23. f5 Re8 24. Bg3 Qd7 25. h3 Bf8 26. Qf3 Rxe1+ 27. Rxe1 Re8
28. Rxe8 Qxe8 29. Bxc7 Qe1+ 30. Qf1 Qe7 31. Bf4 Qe4 32. Bg3 c5 33. Qf3 Qb1+ 34.
Kh2 Qxa2 35. dxc5 Bxc5 36. Qe2 d4 37. cxd4 Bb6 38. Qe8+ Kg7 39. Bd6 Qf7 40.
Qxf7+ Kxf7 41. Bc5 Bxc5 42. dxc5 a5 43. Kg3 Ke7 44. Kf4 Kd7 45. Ke4 Kc6 46. Kd4
h5 47. h4 Kb5 48. Kd5 a4 49. c6 Kb4 50. c7 Kb3 51. c8=Q Kxb2 52. Qb7+ Ka2 53.
Kc4 h6 54. Kc3 a3 55. Qb3+ 1-0

[Event "Bansko Grand Chess Open"]
[Site "Bansko BUL"]
[Date "2010.12.17"]
[Round "7.22"]
[White "Collas, Silvia"]
[Black "Kolev, Atanas Tonchev"]
[Result "1-0"]
[WhiteTitle "IM"]
[WhiteElo "2300"]
[BlackElo "2049"]
[WhiteFideId "2902265"]
[BlackFideId "2901463"]
[EventDate "2010.12.13"]
[EventType "swiss"]

1. d4 Nf6 2. Nf3 g6 3. Nc3 d5 4. Bf4 c6 5. e3 Bg7 6. Be2 O-O 7. h4 Bg4 8. Ne5
Bxe2 9. Qxe2 Nh5 10. Bh2 f5 11. O-O-O Nd7 12. Nd3 Re8 13. g4 fxg4 14. Qxg4 e5
15. dxe5 Nxe5 16. Nxe5 Bxe5 17. Bxe5 Rxe5 18. e4 Nf6 19. Qg3 Qe7 20. exd5 cxd5
21. Nb5 Rf8 22. Qb3 a6 23. Nd4 Qf7 24. f4 Re4 25. f5 Rg4 26. Ne6 Rc8 27. Ng5 Qd7
28. fxg6 hxg6 29. Rhf1 Qc6 30. Rxf6 Qxf6 31. Qxd5+ Kh8 32. Qd7 Rxc2+ 33. Kxc2
Rxh4 34. Qd8+ Qxd8 35. Rxd8+ Kg7 36. Rd7+ Kf6 37. Nh7+ Kf5 38. Rf7+ Ke5 39. Rxb7
Kd5 40. Kb3 Kc5 41. a3 a5 42. Nf8 g5 43. Ne6+ Kc6 44. Rg7 a4+ 45. Ka2 g4 46.
Nd4+ Kc5 47. Nf5 Rh5 48. Ne3 Rh3 49. Nxg4 1-0

[Event "Bansko Grand Chess Open"]
[Site "Bansko BUL"]
[Date "2010.12.17"]
[Round "7.23"]
[White "Stojanov, Alexandar"]
[Black "Kjurkchiiski, Georgi"]
[Result "0-1"]
[WhiteElo "2148"]
[BlackElo "2265"]
[WhiteFideId "2907941"]
[BlackFideId "2901153"]
[EventDate "2010.12.13"]
[EventType "swiss"]

1. d4 Nf6 2. Nf3 g6 3. c4 Bg7 4. Nc3 O-O 5. e4 d6 6. Be2 c5 7. O-O cxd4 8. Nxd4
Nc6 9. Be3 Nxd4 10. Bxd4 Be6 11. Rc1 Qa5 12. Qd2 Rfc8 13. b3 Nxe4 14. Qe3 Nxc3
15. Rxc3 Bxd4 16. Qxd4 b5 17. Re3 bxc4 18. Bxc4 Bxc4 19. bxc4 Qd8 20. Rfe1 Rc7
21. h4 e5 22. Qe4 Rac8 23. Rc3 h5 24. Rd1 Qf6 25. Rd5 Kg7 26. g3 Qe6 27. Qd3 Rc6
28. Rc2 Qe7 29. Qe2 Rc5 30. Rd1 Qe6 31. Rdc1 R8c6 32. Rc3 a5 33. R1c2 Qf5 34.
Kg2 Qc8 35. Kg1 a4 36. Qd3 d5 0-1

[Event "Bansko Grand Chess Open"]
[Site "Bansko BUL"]
[Date "2010.12.17"]
[Round "7.24"]
[White "Anev, Asen"]
[Black "Gvetadze, Sopio"]
[Result "0-1"]
[BlackTitle "IM"]
[WhiteElo "2090"]
[BlackElo "2350"]
[WhiteFideId "2904934"]
[BlackFideId "13601440"]
[EventDate "2010.12.13"]
[EventType "swiss"]

1. d4 Nf6 2. c4 e6 3. Nf3 d5 4. Nc3 Bb4 5. Bg5 Nbd7 6. e3 c5 7. dxc5 Qa5 8. Bxf6
Nxf6 9. Qc2 Ne4 10. Rc1 Qxa2 11. cxd5 exd5 12. Bb5+ Kf8 13. O-O Bxc3 14. bxc3
Qxc2 15. Rxc2 Nxc5 16. c4 Bf5 17. Rc3 Ne4 18. Ra3 Nd6 19. Nd4 dxc4 20. Nxf5 Nxb5
21. Ra4 g6 22. Rb4 a6 23. Ng3 Nd6 24. Rb6 Ke7 25. e4 Rab8 26. e5 Nb5 27. Ne4
Rhd8 28. f4 c3 29. Rc1 Rdc8 30. Kf2 c2 31. Ke3 Rc7 32. Nd6 Nc3 33. Kd3 Nd5 34.
Rb2 Nxf4+ 35. Ke4 Ne6 36. Rbxc2 Rxc2 37. Rxc2 b5 38. Rf2 Nd8 39. Ra2 b4 40. Rxa6
b3 41. Ra1 b2 42. Rb1 Nb7 43. Nc4 Nc5+ 44. Kd4 Na4 45. Kd3 Rb3+ 46. Kd2 Ke6 47.
g3 Kd5 48. Nd6 Rf3 49. Ke2 Nc3+ 50. Kxf3 Nxb1 51. Ne4 Na3 52. Kf4 Kd4 0-1

[Event "Bansko Grand Chess Open"]
[Site "Bansko BUL"]
[Date "2010.12.17"]
[Round "7.25"]
[White "Tomov, Georgi"]
[Black "Georgiev, Dimitar"]
[Result "1-0"]
[WhiteElo "2286"]
[BlackElo "1873"]
[WhiteFideId "2908964"]
[BlackFideId "2912171"]
[EventDate "2010.12.13"]
[EventType "swiss"]

1. Nf3 g5 2. Nxg5 e5 3. d3 Be7 4. Nf3 Nc6 5. c4 Nf6 6. Nc3 d5 7. cxd5 Nxd5 8. g3
Be6 9. Bg2 Rg8 10. a3 Qd7 11. Nxd5 Bxd5 12. b4 Bf6 13. O-O O-O-O 14. Bb2 Rg6 15.
Qa4 Kb8 16. Rfd1 Qe6 17. Nd2 Bxg2 18. Kxg2 Rh6 19. Nf1 Qh3+ 20. Kg1 Nd4 21. Bxd4
exd4 22. Qb3 Be5 23. Rac1 Rf6 24. Rc5 Bd6 25. Qd5 b6 26. Qxd4 Re6 27. Rc2 Rde8
28. Re1 c5 29. bxc5 Bxc5 30. Rxc5 bxc5 31. Qd7 R8e7 32. Rb1+ Rb6 33. Rxb6+ 1-0

[Event "Bansko Grand Chess Open"]
[Site "Bansko BUL"]
[Date "2010.12.17"]
[Round "7.26"]
[White "Videnova, Iva"]
[Black "Bozilov, Dragan"]
[Result "1-0"]
[WhiteTitle "WIM"]
[WhiteElo "2269"]
[BlackElo "1915"]
[WhiteFideId "2907763"]
[BlackFideId "906620"]
[EventDate "2010.12.13"]
[EventType "swiss"]

1. c4 c5 2. g3 Nc6 3. Bg2 e5 4. e3 d6 5. Nc3 f5 6. Nge2 Nf6 7. O-O Be7 8. d3 O-O
9. b3 Be6 10. Nd5 Bxd5 11. cxd5 Nb4 12. e4 Qb6 13. a3 Qa6 14. Bg5 Nxd3 15. exf5
c4 16. b4 Rac8 17. Nc3 Bd8 18. Qd2 Bb6 19. h3 Bd4 20. Be3 Rfe8 21. Rfd1 Qb6 22.
g4 a6 23. Ra2 Bxe3 24. Qxe3 Qd4 25. Rc2 Qxe3 26. fxe3 h6 27. Be4 Nxe4 28. Nxe4
Red8 29. Kg2 b5 30. Kg3 a5 31. bxa5 Ra8 32. Rb1 Rxa5 33. h4 Nc5 34. Kf3 Nxe4 35.
Kxe4 Kf7 36. Rcb2 Rb8 37. Rb4 Rxa3 38. Rxb5 Rxb5 39. Rxb5 Ra7 40. Rb6 Ke7 41.
Rc6 Ra4 42. Kf3 Rb4 43. g5 hxg5 44. hxg5 Kd7 45. e4 Ke7 46. Kg4 c3 47. Rc7+ Kd8
48. Rxc3 Rxe4+ 49. Kh5 Rf4 50. Kg6 Rg4 51. Ra3 e4 52. Kxg7 Rxg5+ 53. Kf6 Rh5 54.
Ke6 Kc8 55. Re3 Rh8 56. Kxd6 1-0

[Event "Bansko Grand Chess Open"]
[Site "Bansko BUL"]
[Date "2010.12.17"]
[Round "7.27"]
[White "Krastev, Kalin"]
[Black "Todorov, Momchil"]
[Result "0-1"]
[WhiteElo "1848"]
[BlackElo "2205"]
[WhiteFideId "2903857"]
[BlackFideId "2906350"]
[EventDate "2010.12.13"]
[EventType "swiss"]

1. e4 c5 2. f4 d5 3. exd5 Nf6 4. Bb5+ Bd7 5. Bxd7+ Qxd7 6. c4 e6 7. dxe6 fxe6 8.
Nf3 Nc6 9. O-O Bd6 10. d3 O-O 11. Bd2 e5 12. fxe5 Nxe5 13. Nxe5 Bxe5 14. Bc3
Bd4+ 15. Kh1 Ng4 16. h3 Qd6 0-1

[Event "Bansko Grand Chess Open"]
[Site "Bansko BUL"]
[Date "2010.12.17"]
[Round "7.28"]
[White "Shivacheva, Donika"]
[Black "Yakimenko, Alexander A."]
[Result "0-1"]
[WhiteElo "1690"]
[BlackElo "2194"]
[WhiteFideId "2900840"]
[BlackFideId "24141917"]
[EventDate "2010.12.13"]
[EventType "swiss"]

1. e4 e5 2. Nf3 d6 3. Nc3 Nf6 4. Bc4 Be7 5. d3 O-O 6. h3 c6 7. O-O b5 8. Bb3
Nbd7 9. a3 Nc5 10. Ba2 Qc7 11. Re1 Re8 12. b4 Ne6 13. Bb2 h6 14. d4 Nf4 15. Ne2
Ng6 16. Ng3 Bf8 17. Qd2 Bd7 18. Rad1 Rad8 19. Qc3 Qc8 20. Kh2 a6 21. Ba1 Qb8 22.
Kg1 Qb7 23. Qe3 Qc7 24. Qc3 Qa7 25. Bb2 Qa8 26. Qe3 a5 27. Bb3 exd4 28. Qxd4 c5
29. bxc5 dxc5 30. Qe3 c4 31. Ba2 Qa6 32. Rd2 Bc8 33. Red1 Rxd2 34. Rxd2 Bb7 35.
e5 Nd5 36. Qd4 Ndf4 37. Nf5 Qc6 38. Kh2 Nxg2 39. Kxg2 Qxf3+ 0-1

[Event "Bansko Grand Chess Open"]
[Site "Bansko BUL"]
[Date "2010.12.18"]
[Round "8.2"]
[White "Nikolaidis, Ioannis"]
[Black "Nabaty, Tamir"]
[Result "0-1"]
[WhiteTitle "GM"]
[BlackTitle "IM"]
[WhiteElo "2552"]
[BlackElo "2529"]
[WhiteFideId "4202139"]
[BlackFideId "2809052"]
[EventDate "2010.12.13"]

1. c4 e5 2. Nc3 Bb4 3. Qc2 Nc6 4. e3 Nge7 5. Nf3 d6 6. Be2 a5 7. O-O O-O 8. b3
Bxc3 9. Qxc3 Ng6 10. d4 f5 11. dxe5 dxe5 12. Ba3 Re8 13. Rad1 Qf6 14. Ne1 f4 15.
Bf3 Bf5 16. Bd5+ Kh8 17. Bb2 Nb4 18. Bxb7 Nxa2 19. Qd2 Rad8 20. Qe2 Rxd1 21.
Qxd1 c6 22. Qa1 Nb4 23. Qxa5 Nd3 24. Ba3 Nxe1 25. Rxe1 Nh4 26. exf4 Qg6 27. Bxc6
e4 28. Bxe4 Bxe4 29. Qg5 Bd5 30. Rxe8+ Qxe8 31. Qe7 Qg6 0-1

[Event "Bansko Grand Chess Open"]
[Site "Bansko BUL"]
[Date "2010.12.18"]
[Round "8.4"]
[White "Mastrovasilis, Athanasios"]
[Black "Korobkov, Piotr"]
[Result "1-0"]
[WhiteTitle "GM"]
[WhiteElo "2556"]
[BlackElo "2484"]
[WhiteFideId "4201990"]
[BlackFideId "14112787"]
[EventDate "2010.12.13"]
[EventType "swiss"]

1. d4 d6 2. c4 Nf6 3. Nc3 Nbd7 4. Nf3 e5 5. Bg5 Be7 6. e3 c6 7. Qc2 h6 8. Bh4
Nh5 9. Bxe7 Qxe7 10. O-O-O Nhf6 11. Bd3 O-O 12. g4 d5 13. Bf5 e4 14. Nd2 b5 15.
h4 Nb6 16. Bxc8 Raxc8 17. c5 Nbd7 18. Rdg1 h5 19. gxh5 Nxh5 20. Qd1 Ndf6 21. Nf1
Kh7 22. Ng3 g6 23. Nxh5 Nxh5 24. Rg5 Rh8 25. Rxh5+ gxh5 26. Qxh5+ Kg7 27. Rg1+
Kf6 28. Qg5+ Ke6 29. Qg4+ f5 30. Qf4 Rcg8 31. Rg5 Rxg5 32. hxg5 Rg8 33. Qe5+ Kd7
34. Qxf5+ Kc7 35. g6 Qe8 36. Ne2 Qxg6 37. Qe5+ Kb7 38. Qe7+ Kb8 39. Kd2 Re8 40.
Qd7 Qe6 41. Qh7 Qe7 42. Qh6 Qe6 43. Qh2+ Kb7 44. Nf4 Qf7 45. Qh6 Qe7 46. b4 Qf7
47. Kc3 a5 48. a3 axb4+ 49. axb4 Ra8 50. Ne6 Re8 51. Nf4 Ra8 52. Qd6 Rg8 53. Ne6
Re8 54. Nd8+ Rxd8 55. Qxd8 Qxf2 56. Qb6+ Kc8 57. Qxc6+ Kb8 58. Qxb5+ Ka8 59.
Qa6+ Kb8 60. Qb6+ Ka8 61. Qd8+ Ka7 62. Qd7+ Kb8 63. Kb3 Qe2 64. Qd6+ Ka7 65. Ka4
Qc4 66. Qb6+ Ka8 67. Qa5+ 1-0

[Event "Bansko Grand Chess Open"]
[Site "Bansko BUL"]
[Date "2010.12.18"]
[Round "8.5"]
[White "Cheparinov, Ivan"]
[Black "Dimitrov, Radoslav"]
[Result "1-0"]
[WhiteTitle "GM"]
[BlackTitle "IM"]
[WhiteElo "2668"]
[BlackElo "2410"]
[WhiteFideId "2905540"]
[BlackFideId "2908549"]
[EventDate "2010.12.13"]
[EventType "swiss"]

1. d4 d5 2. c4 c6 3. Nf3 Nf6 4. Nc3 a6 5. a4 e6 6. g3 Nbd7 7. Bg2 a5 8. O-O Bb4
9. Nd2 b6 10. e4 dxc4 11. Nxc4 Ba6 12. Qb3 b5 13. axb5 cxb5 14. Ne3 Bb7 15. e5
Bxg2 16. Kxg2 Nh5 17. Nc2 g6 18. Nxb4 axb4 19. Bg5 Qb8 20. Qxb4 f6 21. exf6
Nhxf6 22. d5 e5 23. Rxa8 Qxa8 24. Qd6 1-0

[Event "Bansko Grand Chess Open"]
[Site "Bansko BUL"]
[Date "2010.12.18"]
[Round "8.7"]
[White "Kukov, Velislav"]
[Black "Danielsen, Henrik"]
[Result "0-1"]
[WhiteTitle "FM"]
[BlackTitle "GM"]
[WhiteElo "2355"]
[BlackElo "2516"]
[WhiteFideId "2906139"]
[BlackFideId "1400185"]
[EventDate "2010.12.13"]
[EventType "swiss"]

1. d4 d6 2. Nf3 g6 3. g3 Bg7 4. Bg2 f5 5. c4 Nf6 6. Nc3 O-O 7. O-O c6 8. b4 e5
9. dxe5 Ng4 10. Bg5 Qd7 11. Qb3 dxe5 12. h3 e4 13. Rad1 Qf7 14. Nd4 Ne5 15. c5
Na6 16. Rb1 Qxb3 17. Rxb3 Nc7 18. Rd1 Ne6 19. Be3 Nc4 20. Nxe6 Nxe3 21. Nxf8
Nxd1 22. Nxd1 Kxf8 23. a3 Be6 24. Rb1 Rd8 25. f3 Rd2 26. fxe4 Rxe2 27. Bf3 Bd4+
28. Kf1 Rc2 29. b5 Bc4+ 0-1

[Event "Bansko Grand Chess Open"]
[Site "Bansko BUL"]
[Date "2010.12.18"]
[Round "8.9"]
[White "Zaslavsky, Mikhail"]
[Black "Hristodoulou, Panagiotis"]
[Result "1-0"]
[WhiteTitle "IM"]
[WhiteElo "2424"]
[BlackElo "2207"]
[WhiteFideId "2807670"]
[BlackFideId "4214340"]
[EventDate "2010.12.13"]
[EventType "swiss"]

1. e4 Nf6 2. e5 Nd5 3. d4 d6 4. Nf3 dxe5 5. Nxe5 c6 6. c4 Nb4 7. Na3 Bf5 8. Be2
Nd7 9. Nf3 e6 10. O-O Be7 11. Be3 O-O 12. Qd2 Nf6 13. Ne5 Ne4 14. Qc1 Qa5 15. f3
Nf6 16. Qc3 Rfd8 17. g4 Bg6 18. g5 Nd7 19. Nxg6 hxg6 20. c5 b6 21. Nc4 Nxa2 22.
Qxa5 bxa5 23. Rxa2 1-0

[Event "Bansko Grand Chess Open"]
[Site "Bansko BUL"]
[Date "2010.12.18"]
[Round "8.10"]
[White "Dobrev, Nanko"]
[Black "Fazulyanov, Sergey"]
[Result "1-0"]
[WhiteTitle "IM"]
[BlackTitle "FM"]
[WhiteElo "2376"]
[BlackElo "2365"]
[WhiteFideId "2901633"]
[BlackFideId "4153383"]
[EventDate "2010.12.13"]
[EventType "swiss"]

1. d4 d5 2. c4 c6 3. Nf3 Nf6 4. Nc3 dxc4 5. a4 Bf5 6. Ne5 Nbd7 7. Nxc4 Qc7 8. g3
e5 9. dxe5 Nxe5 10. Bf4 Nfd7 11. Bg2 g5 12. Bxe5 Nxe5 13. Nxe5 Qxe5 14. Qb3 Qe7
15. a5 a6 16. Qb6 Rc8 17. h4 Bg7 18. hxg5 O-O 19. O-O Qxg5 20. Rad1 Qe7 21. Rd2
h5 22. Rfd1 h4 23. gxh4 Qxh4 24. Qc5 Be6 25. Ne4 Bd5 26. Ng3 Be6 27. Nh5 Bh8 28.
Rd4 Bg4 29. Rxg4+ Qxg4 30. Rd3 Kh7 31. Rg3 Qe6 32. Nf6+ Qxf6 33. Qh5+ Qh6 34.
Be4+ 1-0

[Event "Bansko Grand Chess Open"]
[Site "Bansko BUL"]
[Date "2010.12.18"]
[Round "8.12"]
[White "Kjurkchiiski, Georgi"]
[Black "Perunovic, Miodrag"]
[Result "0-1"]
[BlackTitle "IM"]
[WhiteElo "2265"]
[BlackElo "2465"]
[WhiteFideId "2901153"]
[BlackFideId "919993"]
[EventDate "2010.12.13"]
[EventType "swiss"]

1. e4 c5 2. Nf3 d6 3. d4 cxd4 4. Nxd4 Nf6 5. Nc3 g6 6. Be3 Bg7 7. f3 O-O 8. Bc4
Nc6 9. Qd2 Bd7 10. O-O-O Rc8 11. Bb3 Ne5 12. h4 h5 13. Bg5 Rc5 14. g4 hxg4 15.
h5 Nxh5 16. Nd5 Rxd5 17. Bxd5 Qb6 18. Bb3 a5 19. Rxh5 gxh5 20. Qh2 gxf3 21. Qxh5
Bg4 22. Qh4 f2 23. Be3 Nd3+ 24. Kb1 Bxd1 25. Nf5 Bxc2+ 26. Kxc2 Qc7+ 0-1

[Event "Bansko Grand Chess Open"]
[Site "Bansko BUL"]
[Date "2010.12.18"]
[Round "8.15"]
[White "Pavlidis, Anastasios"]
[Black "Velchev, Hristo"]
[Result "1/2-1/2"]
[WhiteTitle "FM"]
[BlackTitle "FM"]
[WhiteElo "2352"]
[BlackElo "2322"]
[WhiteFideId "4208404"]
[BlackFideId "2906481"]
[EventDate "2010.12.13"]
[EventType "swiss"]

1. d4 d5 2. c4 e6 3. Nc3 c5 4. cxd5 exd5 5. Nf3 Nc6 6. dxc5 d4 7. Na4 Bxc5 8.
Nxc5 Qa5+ 9. Qd2 Qxc5 10. e3 dxe3 11. Qxe3+ Qxe3+ 12. Bxe3 Nf6 13. Bc5 Be6 14.
O-O-O Ne4 15. Be3 O-O 16. Kb1 Nf6 17. Nd4 Nxd4 18. Bxd4 Rfd8 19. Be2 Nd5 20. b3
Nf4 21. Bf3 Bd5 22. Bxd5 Nxd5 23. Rd2 Rd7 24. Rc1 Rad8 25. Bb2 f6 1/2-1/2

[Event "Bansko Grand Chess Open"]
[Site "Bansko BUL"]
[Date "2010.12.18"]
[Round "8.19"]
[White "Pavlidou, Ekaterini"]
[Black "Nikolova, Adriana"]
[Result "1-0"]
[WhiteTitle "WIM"]
[BlackTitle "WIM"]
[WhiteElo "2188"]
[BlackElo "2328"]
[WhiteFideId "4213262"]
[BlackFideId "2908689"]
[EventDate "2010.12.13"]
[EventType "swiss"]

1. d4 Nf6 2. c4 e6 3. Nc3 Bb4 4. e3 c5 5. Nf3 O-O 6. Bd3 d5 7. O-O cxd4 8. exd4
dxc4 9. Bxc4 Nc6 10. Bg5 Be7 11. a3 h6 12. Bh4 a6 13. Rc1 b5 14. Bd3 Bb7 15. Bb1
b4 16. Na4 g5 17. Bg3 Rc8 18. Qd3 bxa3 19. bxa3 Na5 20. Rxc8 Qxc8 21. Nc5 Bxc5
22. dxc5 Ne4 23. Bd6 Rd8 24. Ne5 f5 25. Qh3 Nxd6 26. cxd6 Qc5 27. Qxh6 Qxe5 28.
Qxg5+ Kf7 29. Qxd8 Qd5 30. f3 Bc6 31. Ba2 Qxa2 32. Qxa5 Qc4 33. Qc7+ Kg6 34. Qe7
Qe2 35. h4 Qe3+ 36. Kh1 Qe2 37. Rc1 Bxf3 38. Qg5+ Kf7 39. Rc7+ Ke8 40. Qe7# 1-0

[Event "Bansko Grand Chess Open"]
[Site "Bansko BUL"]
[Date "2010.12.18"]
[Round "8.21"]
[White "Ivanov, Bogidar"]
[Black "Tomov, Georgi"]
[Result "1-0"]
[WhiteElo "2179"]
[BlackElo "2286"]
[WhiteFideId "2907305"]
[BlackFideId "2908964"]
[EventDate "2010.12.13"]
[EventType "swiss"]

1. e4 e5 2. Bc4 Nf6 3. d3 Nc6 4. Nf3 Bc5 5. O-O d6 6. c3 a6 7. Bb3 Ba7 8. Nbd2
O-O 9. Nc4 Be6 10. Bg5 Ne7 11. Ne3 Ng6 12. Nd5 Bxd5 13. Bxd5 c6 14. Bb3 h6 15.
Bd2 d5 16. Qe2 Re8 17. g3 Qd7 18. Kh1 Rad8 19. Bc2 dxe4 20. dxe4 Qg4 21. Rad1
Rd6 22. Be3 Rxd1 23. Rxd1 Nxe4 24. Bxa7 Ng5 25. Ng1 Qe6 26. Bb3 Qf6 27. f4 Ne6
28. fxe5 Qg5 29. Nf3 Qg4 30. Re1 c5 31. Qe4 Qxe4 32. Rxe4 Rc8 33. Bxe6 fxe6 34.
Rc4 Ra8 35. Bxc5 Rc8 36. Rg4 1-0

[Event "Bansko Grand Chess Open"]
[Site "Bansko BUL"]
[Date "2010.12.19"]
[Round "9.1"]
[White "Georgiev, Vladimir"]
[Black "Grigoryan, Avetik"]
[Result "0-1"]
[WhiteTitle "GM"]
[BlackTitle "GM"]
[WhiteElo "2582"]
[BlackElo "2580"]
[WhiteFideId "2903024"]
[BlackFideId "13302191"]
[EventDate "2010.12.13"]
[EventType "swiss"]

1. d4 d5 2. Bf4 Bg4 3. f3 Bh5 4. c4 e6 5. cxd5 Bb4+ 6. Nc3 exd5 7. Qb3 Nc6 8. e3
Nge7 9. Bb5 O-O 10. Ne2 Bxc3+ 11. Qxc3 f6 12. g4 Be8 13. h4 a6 14. Ba4 Nc8 15.
h5 Nd6 16. Bc2 Qe7 17. Qd3 f5 18. a3 Bd7 19. O-O-O Na5 20. Nc3 Bb5 21. Nxb5 axb5
22. gxf5 Nxf5 23. Rhg1 Rf7 24. e4 dxe4 25. fxe4 Nxd4 26. Bg5 Qc5 27. e5 Nxc2 28.
Qxc2 Qxc2+ 29. Kxc2 Re8 30. h6 Nc4 31. e6 Rxe6 32. Rd8+ Rf8 33. Rd7 Rg6 34. hxg7
Rf2+ 35. Kc3 Nb6 36. Rdd1 Na4+ 37. Kd4 Kxg7 38. Ke3 Rf7 39. Bf4 Re7+ 40. Kd4
Nxb2 41. Rxg6+ hxg6 42. Rb1 Rd7+ 43. Ke4 Nc4 44. Rxb5 Nd6+ 45. Bxd6 cxd6 46. Kd5
Kf6 47. Rb1 g5 48. Rf1+ Kg6 49. Rg1 Rd8 50. Rb1 Ra8 51. Kxd6 Rxa3 52. Rxb7 Re3
53. Kd5 Kf5 54. Kd4 Re1 55. Kd3 Kf4 56. Kd2 Re8 57. Kc2 Kg3 0-1